00350pam a2200133 a 4500020002000000041000500020082001700025100002000042245009000062250001400152260002600166300000900192653001500201 a9781416049272c h a616.123bTHE aTheroux Pierre. aAcute Coronary Syndromes A Companion to Braunwald`s Heart Disease hTextual Documents a2nd ed. . bElsevier, Pub.c2011 a434. aCardiology